Impossible Quiz: Harder!!! - Statistics

General Stats
  • This quiz has been taken 119 times
  • The average score is 2 of 10
Answer Stats
Hint Answer % Correct
1 + 1 = 2
72%
Are you subscribed to my account? Yes
64%
Is there an easier way to complete this quiz? totally
38%
Why are most keyboards QWERTY? No one knows
15%
What was Abraham Lincoln's starter for his speech? Four score and seven years ago
13%
1 + 1 = idk
13%
1 + 1 = window
11%
How many quizzes did I (Quizzer6794) make? As of 3/11/15 13 quizzes
6%
How many quizzes does JetPunk offer? Over 10,000
6%
Why am I making this quiz? To trick you into thinking this is hard
6%
No matching quizzes found
Score Distribution
Percent of People with Each Score
Percentile by Number Answered
Your Score History
You have not taken this quiz